Nghiên cứu khả năng đánh giá ô nhiễm đất bề mặt bằng kỹ thuật phân tích hạt nhận : Tóm tắt luận án /

Αποθηκεύτηκε σε:
Λεπτομέρειες βιβλιογραφικής εγγραφής
Κύριος συγγραφέας: Lê Thị Ngọc Trinh
Άλλοι συγγραφείς: Nguyên Tác Anh PGS. TS (Cán bộ hướng dẫn)
Μορφή: Thesis
Γλώσσα:Vietnamese
Έκδοση: Đà Lạt : Trường Đại học Đà Lạt, 2001
Ετικέτες: Προσθήκη ετικέτας
Δεν υπάρχουν, Καταχωρήστε ετικέτα πρώτοι!
Thư viện lưu trữ: Thư viện Trường Đại học Đà Lạt
LEADER 00871nam a2200277 4500
001 DLU030023892
005 ##20030801
040 # # |a DLU  |b vie 
041 # # |a vie 
044 # # |a vn 
082 # # |a 363.739 6  |b LE-T 
100 # # |a Lê Thị Ngọc Trinh 
245 # # |a Nghiên cứu khả năng đánh giá ô nhiễm đất bề mặt bằng kỹ thuật phân tích hạt nhận :  |b Tóm tắt luận án /  |c Lê Thị Ngọc Trinh 
260 # # |a Đà Lạt :  |b Trường Đại học Đà Lạt,  |c 2001 
300 # # |a 16 tr.;  |c 21 cm. 
700 # # |a Nguyên Tác Anh  |c PGS. TS  |e Cán bộ hướng dẫn 
915 # # |a Vật lý kỹ thuật  |c Thạc sĩ  |d Trường Đại học Đà Lạt 
992 # # |a 0 
994 # # |a DLU 
900 # # |a True 
911 # # |a Phan Ngọc Đông 
925 # # |a G 
926 # # |a A 
927 # # |a LA 
980 # # |a Thư viện Trường Đại học Đà Lạt